000 00659nam a22002537a 4500
001 104223
003 UA-OsUOA
005 20211109224741.0
007 ta
008 20131209b un ||||| |||| 00| 0 ukr d
020 _a5-244-00037-3
040 _aUA-OsUOA
_brus
_cUA-OsUOA
_dUA-OsUOA
041 _arus
080 _a94(470+571)
090 _a94(470+571)
_bС13
100 _aСавинков Б.
245 _aВоспоминания террориста
260 _aМ.
_bМысль
_c1991
300 _a366 с.
650 7 _a94 Історія
_2UDC
942 _cBK
_2udc
955 _a2
999 _c390641
_d390641